BUSINESS COMMUNICATION FOR MANAGERS: AN ADVANCED APPROACH (Record no. 8916)

MARC details
000 -LEADER
fixed length control field 01386nam a22001697a 4500
003 - CONTROL NUMBER IDENTIFIER
control field SGT
020 ## - INTERNATIONAL STANDARD BOOK NUMBER
International Standard Book Number 9788131502211
082 ## - DEWEY DECIMAL CLASSIFICATION NUMBER
Classification number 658.45,PEN
100 ## - MAIN ENTRY--PERSONAL NAME
Personal name PENROSE,JOHN M
245 ## - TITLE STATEMENT
Title BUSINESS COMMUNICATION FOR MANAGERS: AN ADVANCED APPROACH
250 ## - EDITION STATEMENT
Edition statement 5TH
260 ## - PUBLICATION, DISTRIBUTION, ETC. (IMPRINT)
Place of publication, distribution, etc NEW DELHI
Name of publisher, distributor, etc CENGAGE LEARNING
Year of Publication 2004
300 ## - PAGE DESCRIPTION
No. of Pages 470
650 ## - SUBJECT ADDED ENTRY--TOPICAL TERM
Topical term or geographic name as entry element MANAGEMENT, OFFICE COMMUNICATION, ENGLISH
653 ## - KEYWORDS--INDEX TERM
Keyword term PART 1: INTRODUCTION TO BUSINESS COMMUNICATION FOR MANAGERS Business Communication for Managers Information and Persuasion Advanced Visual Support for Managers PART 2: WRITTEN COMMUNICATION: Brief Messages A Strategic Process for Effective Managerial Writing Writing Direct Messages Writing Indirect Messages Writing Situational Messages PART 3: WRITTEN COMMUNICATION: Expanded Messages The Planning and Writing of Persuasive Proposals Report Writing: From Formal Documentation to Short Summaries Writing Instructions, Documentation, Policies, and Procedures PART 4: ORAL COMMUNICATION The Business Presentation Meeting Management Crisis Management Media Management PART 5: REPORTING CASE ANALYSIS Analyzing a Case and Writing a Case Report Discussing and Presenting a Case Study EMPLOYMENT STRATEGIES FOR CAREER SUCCESS 1. Planning Your Career Path 2. Preparation of a Resume 3. The Online Employment Search 4. Employment Correspondence 5. The Employment Interview
942 ## - ADDED ENTRY ELEMENTS (KOHA)
Source of classification or shelving scheme Dewey Decimal Classification
Koha item type FCM Books
Holdings
Withdrawn status Lost status Source of classification or shelving scheme Damaged status Not for loan Collection code Home library Current library Shelving location Date acquired Vendor Name Cost, normal purchase price SGTU Bill Number Total Checkouts Full call number Accession No. (Barcode) Date last seen Bill Date Koha item type
    Dewey Decimal Classification     COMMERCE MANAGEMENT SGT Science & Social Sciences Library SGT Science & Social Sciences Library On Display 03/06/2016 KIRTI PRAKASHAN 619.00 SGTU 3151   658.45,PEN CM198 03/06/2016 19/10/2015 FCM Books
    Dewey Decimal Classification   Not For Loan COMMERCE MANAGEMENT SGT Science & Social Sciences Library SGT Science & Social Sciences Library Reference Book 03/06/2016 KIRTI PRAKASHAN 619.00 SGTU 3151   658.45,PEN CM199 03/06/2016 19/10/2015 FCM Books